<?xml version="1.0" encoding="UTF-8"?>
<collection xmlns="http://www.loc.gov/MARC21/slim">
 <record>
  <leader>01228nam a22002057a 4500</leader>
  <controlfield tag="001">NCT_35013</controlfield>
  <controlfield tag="008">180510b        xxu||||| |||| 00| 0 vie d</controlfield>
  <datafield tag="999" ind1=" " ind2=" ">
   <subfield code="c">1688</subfield>
   <subfield code="d">1688</subfield>
  </datafield>
  <datafield tag="020" ind1=" " ind2=" ">
   <subfield code="c">80000</subfield>
  </datafield>
  <datafield tag="082" ind1="0" ind2="4">
   <subfield code="2">23rd ed.</subfield>
   <subfield code="a">615.58</subfield>
   <subfield code="b">M103</subfield>
  </datafield>
  <datafield tag="100" ind1="1" ind2=" ">
   <subfield code="a">Mai Phương Mai</subfield>
   <subfield code="e">Chủ biên</subfield>
  </datafield>
  <datafield tag="245" ind1=" " ind2=" ">
   <subfield code="a">Dược lý học</subfield>
   <subfield code="b">: Sách đào tạo dược sĩ đại học</subfield>
   <subfield code="n">Tập 1</subfield>
   <subfield code="c">Mai Phương Mai</subfield>
  </datafield>
  <datafield tag="260" ind1=" " ind2=" ">
   <subfield code="a">H.</subfield>
   <subfield code="b">Y học</subfield>
   <subfield code="c">2012</subfield>
  </datafield>
  <datafield tag="300" ind1=" " ind2=" ">
   <subfield code="a">267tr.</subfield>
   <subfield code="c">27cm</subfield>
  </datafield>
  <datafield tag="500" ind1=" " ind2=" ">
   <subfield code="a">ĐTTS ghi: Bộ Y tế</subfield>
  </datafield>
  <datafield tag="520" ind1="3" ind2=" ">
   <subfield code="a">Nội dung tài liệu gồm 5 chương: Chương 1: Dược lý đại cương; Chương 2: Thuốc tác động trên hệ thần kinh trung ương; Chương 3: Thuốc tác động trên hệ thần kinh thực vật;Chương 4: Thuốc kháng Histamin &amp; thuốc tác động trên đường hô hấp; Chương 5: Thuốc tác động trên đường tiêu hóa.</subfield>
  </datafield>
  <datafield tag="653" ind1=" " ind2=" ">
   <subfield code="a">Dược học</subfield>
  </datafield>
  <datafield tag="942" ind1=" " ind2=" ">
   <subfield code="2">ddc</subfield>
   <subfield code="c">BK</subfield>
  </datafield>
  <datafield tag="952" ind1=" " ind2=" ">
   <subfield code="0">0</subfield>
   <subfield code="1">0</subfield>
   <subfield code="2">ddc</subfield>
   <subfield code="4">0</subfield>
   <subfield code="6">615_580000000000000_M103</subfield>
   <subfield code="7">0</subfield>
   <subfield code="9">8087</subfield>
   <subfield code="a">000001</subfield>
   <subfield code="b">000001</subfield>
   <subfield code="d">2018-05-10</subfield>
   <subfield code="l">2</subfield>
   <subfield code="m">1</subfield>
   <subfield code="o">615.58 M103</subfield>
   <subfield code="p">MD.04950</subfield>
   <subfield code="r">2019-08-17</subfield>
   <subfield code="s">2019-07-27</subfield>
   <subfield code="v">80000.00</subfield>
   <subfield code="w">2018-05-10</subfield>
   <subfield code="y">BK</subfield>
  </datafield>
  <datafield tag="980" ind1=" " ind2=" ">
   <subfield code="a">Thư viện Trường Đại học Nam Cần Thơ</subfield>
  </datafield>
 </record>
</collection>
